[Event "VIE-ch U15"]
[Site "Ho Chi Minh City"]
[Date "2014.07.15"]
[Round "4"]
[White "Mai, Quoc Huy"]
[Black "Nguyen, Huu Anh Tai"]
[Result "1/2-1/2"]
[WhiteElo "1862"]
[BlackElo "1855"]
[PlyCount "60"]
[EventDate "2014.07.13"]
[EventType "swiss"]
[EventRounds "9"]
[EventCountry "VIE"]
[SourceTitle "EXT 2016"]
[Source "ChessBase"]
[SourceDate "2015.10.08"]
[SourceVersion "1"]
[SourceVersionDate "2015.10.08"]
[SourceQuality "1"]

1. d4 Nf6 2. c4 e6 3. Nc3 d5 4. Bg5 Be7 5. Nf3 b6 6. e3 Bb7 7. Bd3 h6 8. Bh4 Nbd7 9. 0-0 0-0 10. Rc1 c5 11. cxd5 exd5 12. dxc5 bxc5 13. Bb1 g6 14. Qe2 Nh5 15. Bg3 Nxg3 16. hxg3 Bf6 17. Rfd1 Bxc3 18. bxc3 Qc7 19. c4 Nb6 20. cxd5 Bxd5 21. Qc2 Rac8 22. a4 Bxf3 23. gxf3 Rfd8 24. a5 Nd7 25. Qc3 Qe5 26. f4 Qxc3 27. Rxc3 Nf6 28. Rdc1 Rd2 29. e4 Kf8 30. Kf1 Nd7 1/2-1/2

[Event "VIE-ch U15"]
[Site "Ho Chi Minh City"]
[Date "2014.07.13"]
[Round "1"]
[White "Phan Ba Thanh, Cong"]
[Black "Mai, Quoc Huy"]
[Result "1-0"]
[WhiteElo "1841"]
[BlackElo "1862"]
[PlyCount "71"]
[EventDate "2014.07.13"]
[EventType "swiss"]
[EventRounds "9"]
[EventCountry "VIE"]
[SourceTitle "EXT 2016"]
[Source "ChessBase"]
[SourceDate "2015.10.08"]
[SourceVersion "1"]
[SourceVersionDate "2015.10.08"]
[SourceQuality "1"]

1. e4 c5 2. Nf3 g6 3. d4 cxd4 4. Nxd4 Bg7 5. Nc3 Nc6 6. Be3 Nf6 7. f3 Qb6 8. Bb5 Nxe4 9. fxe4 Bxd4 10. Nd5 Qa5+ 11. b4 Nxb4 12. Bd2 Be5 13. a4 Bd6 14. Rb1 a6 15. Be2 Qxa4 16. Bxb4 Bxb4+ 17. Rxb4 Qa5 18. Qd4 f6 19. 0-0 Rf8 20. Qc4 Kd8 21. Ra4 b5 22. Rxa5 bxc4 23. Bxc4 Bb7 24. Rb1 Bxd5 25. Bxd5 Rc8 26. Rxa6 e6 27. Bb3 f5 28. Rd1 Ke7 29. Ra7 Rfd8 30. Ba4 Rc4 31. e5 h6 32. Rdxd7+ Rxd7 33. Rxd7+ Kf8 34. Bb3 Rc5 35. Rd6 Rxe5 36. Rxe6 1-0